[Event "Ruhrgebiet Regionalliga 0304"]
[Site "Ruhrgebiet"]
[Date "2004.05.02"]
[Round "9.2"]
[White "Schmedders, Hans Gerd"]
[Black "Ueter, Heinz Dieter"]
[Result "0-1"]
[WhiteElo "2097"]
[BlackElo "2170"]
[PlyCount "56"]
[EventDate "2003.10.05"]
[EventType "team"]
[EventRounds "9"]
[EventCountry "GER"]
[SourceTitle "EXT 2007"]
[Source "ChessBase"]
[SourceDate "2006.11.23"]
[SourceVersion "1"]
[SourceVersionDate "2006.11.23"]
[SourceQuality "1"]
[WhiteTeam "Wattenscheid III"]
[BlackTeam "Ahlen"]
[WhiteTeamCountry "GER"]
[BlackTeamCountry "GER"]

1. d4 g6 2. e4 Bg7 3. Nc3 d6 4. Bc4 Nf6 5. Qe2 Nc6 6. e5 Nxd4 7. exf6 Nxe2 8. fxg7 Rg8 9. Ngxe2 Rxg7 10. Bh6 Rg8 11. h4 Be6 12. Bxe6 fxe6 13. 0-0-0 Qd7 14. Rhe1 0-0-0 15. f4 c5 16. Ne4 Qc6 17. N2c3 b5 18. Ng5 b4 19. Nce4 Rd7 20. Nxe6 Rb7 21. g4 Rb5 22. Bf8 Rxf8 23. Nxf8 Ra5 24. c4 Rxa2 25. Nd2 Qa4 26. Nb1 Qb3 27. Rd2 Qxc4+ 28. Kd1 Ra1 0-1

[Event "Ruhrgebiet Regionalliga 0304"]
[Site "Ruhrgebiet"]
[Date "2003.12.14"]
[Round "4.2"]
[White "Dahlmann, Dirk"]
[Black "Schmedders, Hans Gerd"]
[Result "1-0"]
[WhiteElo "2218"]
[BlackElo "2097"]
[PlyCount "75"]
[EventDate "2003.10.05"]
[EventType "team"]
[EventRounds "9"]
[EventCountry "GER"]
[SourceTitle "EXT 2007"]
[Source "ChessBase"]
[SourceDate "2006.11.23"]
[SourceVersion "1"]
[SourceVersionDate "2006.11.23"]
[SourceQuality "1"]
[WhiteTeam "Bochum SV 02"]
[BlackTeam "Wattenscheid III"]
[WhiteTeamCountry "GER"]
[BlackTeamCountry "GER"]

1. c4 g6 2. Nc3 Bg7 3. g3 c5 4. Bg2 Nc6 5. b3 d6 6. Bb2 e5 7. e3 Nge7 8. Nge2 Be6 9. d3 d5 10. e4 dxe4 11. dxe4 Nd4 12. Nxd4 exd4 13. Nd5 0-0 14. 0-0 Qd7 15. Qd2 Nc6 16. f4 f5 17. e5 Ne7 18. Ba3 Rac8 19. Nxe7+ Qxe7 20. Qxd4 Rfd8 21. Qe3 Qc7 22. Bb2 a6 23. Rfd1 b5 24. Bd5 Qf7 25. Bxe6 Qxe6 26. Rxd8+ Rxd8 27. cxb5 Bf8 28. bxa6 Qxa6 29. e6 Bg7 30. e7 Re8 31. Bxg7 Kxg7 32. Qxc5 Kh6 33. Qe3 Qa3 34. Re1 Qxa2 35. h3 Qb2 36. Re2 Qa1+ 37. Kh2 Qb1 38. g4 1-0